| 000 | 00948njm a2200301Ia 4500 | ||
|---|---|---|---|
| 001 | 25613 | ||
| 003 | IT-RoPAU | ||
| 005 | 20220918181154.0 | ||
| 008 | 131025s9999 xx 000 0 und d | ||
| 040 | _aIT-RoPAU | ||
| 040 | _cIT-RoPAU | ||
| 041 | _aITALIANO | ||
| 999 |
_c102444 _d102444 |
||
| 999 | _bn.d. | ||
| 100 |
_aAnonimo _9883 |
||
| 100 |
_eAutore musica _912529 |
||
| 100 |
_gCodice autore musica SPICS: 2620 _9885 |
||
| 245 | _aCoro "Menegosa" di Groppallo | ||
| 250 | _a1a ed. | ||
| 260 | _aMILANO | ||
| 260 |
_bCOMBO RECORD _c1969 [1a Ed.:1969] |
||
| 300 | _aDISCO | ||
| 500 | _aMusica popolare. Canti tradizionali elaborati. Folk | ||
| 511 | _aCoro Menegosa diretto da Gianrico Fornasari | ||
| 650 |
_aPOPOLARE [DISCHI] _eCodice MATERIA SPICS: 9950 _912530 |
||
| 700 |
_aCarrara M. _eAutore testo e musica _gCodice autore testo/musica SPICS: 27698 _912531 |
||
| 700 |
_aMorisi Luisa _eAutore _gCodice autore SPICS: 27697 _912532 |
||
| 942 |
_cMD _2ddc |
||